[Event "IV Torneo de Semana Santa"]
[Site "Los Llanos de Aridane"]
[Date "2019.04.13"]
[Round "1.1"]
[White "Montesinos Mujica, Emmanuel Alej"]
[Black "Andres Gonzalez, Ivan"]
[Result "0-1"]
[WhiteElo "1591"]
[BlackElo "2323"]
[Annotator "TA"]
[PlyCount "66"]
[EventDate "2019.04.13"]
[EventType "swiss"]
[EventCountry "ESP"]
[SourceTitle "playchess.com"]
[Source "ChessBase"]
[SourceQuality "1"]

{[%evp 18,66,36,35,31,-27,-10,-18,29,0,26,-244,-243,-398,-357,-373,-359,-347,-328,-601,-588,-588,-575,-637,-603,-628,-435,-415,-420,-411,-428,-422,-385,-509,-528,-469,-461,-648,-637,-682,-658,-637,-632,-2384,-2302,-2301,-2268,-2154,-2087,-4814,-4802]} 1. e4 c5 2. Nf3 d6 3. d4 cxd4 4. Nxd4 Nf6 5. Nc3 Nc6 6. f3 e5 7. Nb3 Be7 8. Be3 O-O 9. Qd2 Be6 10. O-O-O a5 {B56: Classical Sicilian: Unusual Lines} 11. a4 (11. Bb5 $14) (11. Bb5 a4 12. Bxa4 Nb4 13. a3 Na2+ 14. Nxa2 Rxa4 15. Nc3 Rc4 16. Kb1 Qa8 17. Bg5 Rfc8 18. Bxf6 Bxf6 19. Qxd6 {1-0 (43) Bacrot,E (2677)-Kozul,Z (2612) Zagreb 2018}) 11... Nb4 $11 12. g4 Rc8 {The position is equal.} 13. Kb1 d5 {White must now prevent ...d4.} (13... Qc7 {looks sharper.} 14. g5 Nh5 15. Qf2 f5 16. gxf6 Bxf6 17. Nc1 Nf4) 14. exd5 $146 {[%mdl 8192]} (14. g5 $11 {and White has nothing to worry.} Nxe4 15. fxe4) ({Predecessor:} 14. g5 Ne8 15. exd5 Bf5 16. Rc1 Nd6 17. Nc5 b5 18. h4 bxa4 19. N3xa4 {0-1 (37) Kecskemeti,A (2297)-Nagy,A (2225) Senta 2018}) 14... Nfxd5 $19 15. Bd3 $2 (15. Bb5) 15... Nxd3 16. Qxd3 {[%cal Rc3d5]} Nxc3+ 17. bxc3 Qc7 18. Bd2 $2 (18. Rhe1) 18... Bc4 19. Qe3 b5 20. axb5 a4 21. b6 Qb8 22. Na5 Bc5 {[%mdl 64] [#] Double Attack} 23. Qe4 Qxb6+ {[%mdl 64] Double Attack} 24. Ka1 Be6 ({Not} 24... Qxa5 25. Qxc4 Be7 26. Qe4 $19) 25. Nb7 Be7 {Black is clearly winning.} (25... Rb8 $2 26. Rb1 $19) 26. Rb1 Qa6 27. g5 (27. Qd3 $142 Qc6 28. Rhd1) 27... Rc7 28. Rhg1 Rd7 29. Be3 Bd5 {[%mdl 64] [#] Double Attack} 30. Qxe5 Qc4 {[%csl Gd5][%cal Rc4a2]} 31. Rb2 Rxb7 32. Bd4 f6 33. gxf6 Bxf6 {Accuracy: White = 26%, Black = 81%.} 0-1

[Event "IV Torneo de Semana Santa"]
[Site "Los Llanos de Aridane"]
[Date "2019.04.13"]
[Round "1.2"]
[White "Brito Garcia, Alfredo"]
[Black "Lorenzo Ventura, Abel"]
[Result "1-0"]
[WhiteElo "2311"]
[BlackElo "1527"]
[Annotator "TA"]
[PlyCount "49"]
[EventDate "2019.04.13"]
[EventType "swiss"]
[EventCountry "ESP"]
[SourceTitle "playchess.com"]
[Source "ChessBase"]
[SourceQuality "1"]

{[%evp 13,49,41,51,55,50,0,0,-2,60,55,50,58,70,0,111,-37,-27,-18,-27,-247,152,147,187,195,216,204,352,350,330,346,399,360,693,667,820,814,901,892]} 1. Nf3 Nf6 2. g3 b6 3. Bg2 Bb7 4. d4 g6 5. c4 Bg7 6. O-O d6 7. Nc3 O-O 8. d5 {A50: Queen's Fianchetto Defence (1 d4 Nf6 2 c4 b6)} e6 9. dxe6 (9. e4 Nbd7 10. Rb1 a5 11. Nd4 Nc5 12. b3 Re8 13. Bb2 Qd7 {½-½ (65) Lei,T (2531)-Iturrizaga Bonelli,E (2650) Caleta 2018}) 9... fxe6 10. Bh3 {The position is equal.} Qe7 ({Black should try} 10... Re8 $11) 11. Ng5 $14 Bc8 12. Bg2 c6 13. Nge4 $146 (13. a4 $14) ({Predecessor:} 13. a4 Bb7 14. a5 Na6 15. Ra3 {1-0 (46) Doda,Z-Medina Garcia,A Wijk aan Zee 1968}) 13... d5 (13... Nxe4 $11 14. Nxe4 d5) 14. cxd5 (14. Nxf6+ $16 Qxf6 15. cxd5) 14... Nxe4 $15 15. Bxe4 exd5 16. Bxd5+ $2 {[#]} (16. Bg2 $11 {and White stays safe.}) 16... Kh8 $2 (16... cxd5 $19 17. Qxd5+ {[%mdl 64] Double Attack} Qe6) 17. Bg2 $16 Ba6 18. Be3 Qb4 19. Qd2 Qc4 (19... Bb7 $142 20. a3 Qe7) 20. Rfd1 $18 Qf7 21. Ne4 {[%cal Bc3e4,Be4g5,Bg5h7][%mdl 32]} Qc4 22. Bh6 Bxh6 $2 (22... Qg8 23. Bxg7+ Qxg7) 23. Qxh6 {White is clearly winning.} Qf7 24. Ng5 Qe7 {[#]} 25. Nxh7 $1 {[%mdl 512] Accuracy: White = 44%, Black = 30%.} 1-0

[Event "IV Torneo de Semana Santa"]
[Site "Los Llanos de Aridane"]
[Date "2019.04.13"]
[Round "1.3"]
[White "Garcia Gutierrez, Jose Ramon"]
[Black "Acosta Sosa, Juan Manuel"]
[Result "0-1"]
[WhiteElo "1690"]
[BlackElo "2287"]
[Annotator "TA"]
[PlyCount "63"]
[EventDate "2019.04.13"]
[EventType "swiss"]
[EventCountry "ESP"]
[SourceTitle "playchess.com"]
[Source "ChessBase"]
[SourceQuality "1"]

{[%evp 10,63,0,-5,0,-21,-12,-157,-161,-154,-161,-154,-154,-200,-203,-288,-277,-278,-276,-329,-323,-318,-323,-402,-402,-402,-402,-408,-406,-403,-396,-395,-380,-455,-447,-664,-663,-661,-663,-661,-647,-621,-609,-897,-850,-903,-910,-944,-930,-907,-891,-1579,-1371,-1611,-1392,-970]} 1. d4 Nf6 2. c4 e6 3. Nc3 Bb4 4. Bg5 h6 5. Bxf6 Qxf6 6. e3 c5 {E30: Nimzo-Indian: Leningrad Variation} 7. g3 (7. Nf3 Nc6 8. Be2 d6 9. O-O Bxc3 10. bxc3 O-O 11. dxc5 dxc5 12. Qd6 Qxc3 13. Qxc5 Bd7 14. Rad1 {½-½ (46) Al Hosani,O (2089)-Oboladze,L (2378) Batumi 2018}) 7... Nc6 {[%cal Rc5d4]} 8. Qf3 $146 (8. Nf3 $11 {remains equal.}) ({Predecessor:} 8. Nge2 Qf3 9. Rg1 cxd4 10. exd4 O-O 11. Bg2 Qf6 12. Qd3 b6 13. f4 Ba6 {0-1 (26) Correa Fo,S (2053)-Maia,L (2187) Sao Paulo 2000}) 8... cxd4 $17 {Black is clearly better.} 9. Qxf6 gxf6 10. exd4 Nxd4 {...Nc2+ is the strong threat.} 11. Bd3 b6 12. Nge2 (12. Be4 $142 Bxc3+ 13. bxc3) 12... Bb7 $19 13. Nxd4 {[#] Hoping for 0-0.} Bxh1 14. Ke2 Bxc3 15. bxc3 Bc6 16. Nb5 Bxb5 17. cxb5 {[%mdl 4096] Endgame KRR-KRB} Rc8 18. Kd2 d5 19. a4 Kd7 20. Rc1 Kd6 21. c4 Rc5 {Black is clearly winning.} 22. cxd5 (22. Be2 $142) 22... Rxc1 23. Kxc1 Kxd5 {KR-KB} 24. Kd2 Kd4 25. Be2 Rc8 26. h4 Rc3 27. Bh5 Ra3 28. Bxf7 e5 29. Ke2 e4 30. Be8 Rxa4 31. Bc6 a6 32. bxa6 {Accuracy: White = 27%, Black = 88%.} 0-1

[Event "IV Torneo de Semana Santa"]
[Site "Los Llanos de Aridane"]
[Date "2019.04.13"]
[Round "1.4"]
[White "Alonso Alvarez, Aitor"]
[Black "Hernandez Luis, Victor Manuel"]
[Result "1-0"]
[WhiteElo "2284"]
[BlackElo "1468"]
[Annotator "TA"]
[PlyCount "43"]
[EventDate "2019.04.13"]
[EventType "swiss"]
[EventCountry "ESP"]
[SourceTitle "playchess.com"]
[Source "ChessBase"]
[SourceQuality "1"]

{[%evp 17,43,27,50,20,62,53,276,146,141,156,180,175,167,166,174,170,177,214,251,258,370,370,342,339,459,346,490,430]} 1. e4 d5 2. exd5 Qxd5 3. Nc3 Qa5 4. d4 c6 5. Nf3 Nf6 6. Bc4 Bg4 7. h3 Bh5 8. g4 Bg6 9. Ne5 e6 10. Qe2 {B01: Scandinavian Defence} (10. Bd2 Bb4 11. a3 Bxc3 12. Bxc3 Qc7 13. Bd2 Qb6 14. c3 Nbd7 15. Nxd7 Kxd7 16. Qc1 h5 17. g5 Ne4 {½-½ (72) Stefansson,H (2570)-Rogers,I (2529) Reykjavik 2001}) 10... Nd5 11. Bd2 Qc7 $146 (11... Bb4 $14) ({Predecessor:} 11... Bb4 12. Bxd5 cxd5 13. Qb5+ Qxb5 14. Nxb5 Na6 15. Bxb4 Nxb4 16. Kd2 Ke7 17. Rae1 Rhc8 {½-½ (30) Pietzsch,W-Nicolai,W Leipzig 1963}) 12. Nxd5 ({Better is} 12. Bxd5 $18 cxd5 {[#]} 13. Nxd5 $1 {[%mdl 512]}) 12... cxd5 $16 13. Bxd5 Nd7 {[#] And now ...Nxe5 would win.} 14. Nxg6 hxg6 15. O-O-O $36 {[%mdl 2048] White has strong initiative.} O-O-O 16. Bg2 Kb8 17. Kb1 Be7 18. Qf3 {Threatens to win with Bf4.} Bf6 (18... Nb6 {is a better defense.} 19. Qxf7 Rxd4) 19. Bf4 $18 {[%csl Gg2][%cal Rf3b7]} e5 20. Bg3 Rc8 21. c3 Rhe8 (21... Bh4 $142 22. Bxh4 (22. Qxf7 Bxg3 23. fxg3 Rhf8 $18) 22... Rxh4 23. Qxf7 Rhh8 24. Qxg7 Rhg8) 22. Rhe1 {Accuracy: White = 50%, Black = 13%.} 1-0

[Event "IV Torneo de Semana Santa"]
[Site "Los Llanos de Aridane"]
[Date "2019.04.13"]
[Round "1.5"]
[White "Espinel Rosales, Yeremay"]
[Black "Hernandez Leon, Alberto"]
[Result "0-1"]
[WhiteElo "1453"]
[BlackElo "2280"]
[Annotator "ChessBase"]
[PlyCount "42"]
[EventDate "2019.04.13"]
[EventType "swiss"]
[EventCountry "ESP"]
[SourceTitle "playchess.com"]
[Source "ChessBase"]
[SourceQuality "1"]
[TimeControl "5400+30"]

1. d4 {[%emt 0:00:00]} c5 {[%emt 0:00:00]} 2. d5 {[%emt 0:00:00]} g6 {[%emt 0:00:00]} 3. c4 {[%emt 0:00:29]} Bg7 {[%emt 0:00:09]} 4. Nc3 {[%emt 0:01:00]} Bxc3+ {[%emt 0:00:41]} 5. bxc3 {[%emt 0:00:10]} f5 {[%emt 0:00:06]} 6. g3 {[%emt 0:01:10]} Qa5 {[%emt 0:01:04]} 7. Qc2 {[%emt 0:04:45]} Nf6 {[%emt 0:00:24]} 8. Bg2 {[%emt 0:00:41]} d6 {[%emt 0:00:12]} 9. Bd2 {[%emt 0:03:38]} Nbd7 {[%emt 0:00:35]} 10. Nh3 {[%emt 0:04:27]} Nb6 {[%emt 0:02:51]} 11. O-O {[%emt 0:00:18]} Qa6 {[%emt 0:03:34]} 12. Rfe1 {[%emt 0:03:44]} Qxc4 {[%emt 0:02:03]} 13. e4 {[%emt 0:00:44]} fxe4 {[%emt 0:01:05]} 14. Bf1 {[%emt 0:00:28]} Qxd5 {[%emt 0:03:23]} 15. Nf4 {[%emt 0:00:22]} Qf7 {[%emt 0:01:02]} 16. Rab1 {[%emt 0:01:18]} O-O {[%emt 0:02:50]} 17. c4 {[%emt 0:02:30]} g5 {[%emt 0:02:30]} 18. Nd5 {[%emt 0:00:45]} Nfxd5 {[%emt 0:00:58]} 19. cxd5 {[%emt 0:00:13]} Qxf2+ {[%emt 0:00:18]} 20. Kh1 {[%emt 0:00:43]} Bg4 {[%emt 0:00:49]} 21. Be2 {[%emt 0:01:20]} Bxe2 {[%emt 0:00:31]} 0-1

[Event "IV Torneo de Semana Santa"]
[Site "Los Llanos de Aridane"]
[Date "2019.04.13"]
[Round "1.6"]
[White "Rodriguez Ferraz, Borja"]
[Black "Gomez, Carlos David"]
[Result "1-0"]
[WhiteElo "2212"]
[BlackElo "2340"]
[Annotator "NA"]
[PlyCount "33"]
[EventDate "2019.04.13"]
[EventType "swiss"]
[EventCountry "ESP"]
[SourceTitle "playchess.com"]
[Source "ChessBase"]
[SourceQuality "1"]
[TimeControl "5400+30"]

1. c4 {[%emt 0:00:00]} c5 {[%emt 0:00:00]} 2. g3 {[%emt 0:00:15]} g6 {[%emt 0:01:58]} 3. Bg2 {[%emt 0:00:18]} Bg7 {[%emt 0:00:42]} 4. Nf3 {[%emt 0:00:32]} Nc6 {[%emt 0:01:46]} 5. O-O {[%emt 0:00:41]} e5 {[%emt 0:02:52]} 6. Nc3 {[%emt 0:01:21]} Nf6 {[%emt 0:06:51]} 7. d3 {[%emt 0:00:53]} O-O {[%emt 0:01:13]} 8. Nd2 {[%emt 0:01:09]} d6 {[%emt 0:00:37]} 9. a3 {[%emt 0:00:15]} a6 {[%emt 0:06:26]} 10. Rb1 {[%emt 0:00:36]} Qa5 {[%emt 0:08:33]} 11. Nde4 {[%emt 0:03:18]} Rd8 {[%emt 0:02:45]} 12. Nxf6+ {[%emt 0:00:59]} Bxf6 {[%emt 0:00:33]} 13. Nd5 {[%emt 0:00:05]} Bg7 {[%emt 0:02:15]} 14. Bd2 {[%emt 0:00:24]} Nb4 {[%emt 0:04:16]} 15. axb4 {[%emt 0:00:07]} cxb4 {[%emt 0:01:09]} 16. Bxb4 {[%emt 0:00:09]} Qa2 {[%emt 0:00:10]} 17. Nc3 {[%emt 0:00:15]} 1-0

[Event "IV Torneo de Semana Santa"]
[Site "Los Llanos de Aridane"]
[Date "2019.04.13"]
[Round "1.7"]
[White "Castrejon Castro, Jesus"]
[Black "Natalicchio Escalante, Nicolas"]
[Result "1-0"]
[WhiteElo "1303"]
[BlackElo "2189"]
[Annotator "TA"]
[PlyCount "59"]
[EventDate "2019.04.13"]
[EventType "swiss"]
[EventCountry "ESP"]
[SourceTitle "playchess.com"]
[Source "ChessBase"]
[SourceQuality "1"]

{[%evp 9,59,-6,-6,-8,0,0,27,10,14,10,76,36,41,27,37,0,83,7,62,73,70,64,76,77,100,72,239,239,473,475,481,492,493,486,473,476,491,484,596,552,581,562,589,578,594,589,587,573,572,551,622,579]} 1. d4 Nf6 2. Nf3 e6 3. Bf4 c5 4. c3 Nc6 5. e3 Nh5 (5... d5 6. Nbd2 cxd4 7. exd4 Nh5 8. Be3 Qc7 9. g3 f5 10. Ne5 Nf6 11. Ndf3 Bd6 12. Nd3 O-O 13. Bg2 b6 14. O-O Ba6 {1-0 (47) Karjakin,S (2783)-Nakamura,H (2786) chess.com INT 2017}) 6. Bg3 {A46: 1 d4 Nf6 2 Nf3 e6: Torre, London and Colle Systems} Nxg3 7. hxg3 Be7 8. Nbd2 {White has an edge.} cxd4 9. exd4 b6 (9... d5 $11) 10. Bd3 h6 $146 ({Predecessor:} 10... Bb7 11. Qe2 Qc7 12. Nc4 g6 13. a4 Bf6 14. Ne3 {0-1 (52) Khagurov,N-Garakjan,A Novorossijsk 1996}) 11. Qe2 Bb7 12. Be4 O-O (12... d5 $11 13. Bc2 Qc7) 13. O-O ({Better is} 13. Bc2 $16) 13... d6 ({Black should play} 13... d5 $11 14. Bd3 Rc8) 14. d5 $36 {[%mdl 2048] White is really pushing.} exd5 15. Bxd5 Qd7 16. Rfe1 {And now Bxc6 would win.} Rae8 17. Qd3 Nd8 $2 {[#]} (17... Bd8 $16 {is a better defense.}) 18. Ne5 $1 $18 {[%cal Re5d7][%mdl 512]} dxe5 $2 {[#]} (18... Qc8) 19. Bxf7+ $1 {[%mdl 576] Discovered Attack. White is clearly winning.} Rxf7 (19... Nxf7 20. Qxd7) 20. Qxd7 Bc6 21. Qd3 Bc5 22. Re2 Ref8 23. Rf1 Ne6 24. Ne4 Rd8 25. Qc2 Bb5 {If only Black now had time for ...Bd3....} 26. Nxc5 {[%mdl 64] Discovered Attack} bxc5 27. Rxe5 Bxf1 28. Kxf1 Ng5 29. Qe2 Kh7 30. Re7 {Accuracy: White = 53%, Black = 19%.} 1-0

[Event "IV Torneo de Semana Santa"]
[Site "Los Llanos de Aridane"]
[Date "2019.04.13"]
[Round "1.8"]
[White "Hernandez Leon, Sergio"]
[Black "Diaz Perez, Michel Alejandro"]
[Result "1-0"]
[WhiteElo "2157"]
[BlackElo "2418"]
[Annotator "TA"]
[PlyCount "67"]
[EventDate "2019.04.13"]
[EventType "swiss"]
[EventCountry "ESP"]
[SourceTitle "playchess.com"]
[Source "ChessBase"]
[SourceQuality "1"]

{[%evp 15,67,2,12,8,37,28,31,-8,62,42,54,61,77,56,154,92,175,162,271,276,336,287,335,335,294,225,206,223,284,235,230,185,217,152,188,152,218,213,216,207,324,329,5477,5141,29993,29994,29994,29995,29995,29959,29995,29996,29996,29997]} 1. e4 c5 2. Nc3 d6 3. g3 Nf6 4. Bg2 g6 5. d3 Bg7 6. Be3 Nc6 7. Nge2 O-O 8. h3 e5 9. O-O {B26: Closed Sicilian: 3 g3, lines with early Be3} Bd7 (9... Nd4 10. Kh2 Nh5 11. Nd5 Be6 12. c3 Nxe2 {½-½ (12) Rublevsky,S (2680)-Gelfand,B (2733) Sochi 2007}) 10. Qd2 Nd4 11. f4 {White is slightly better.} Nxe2+ ({Better is} 11... b5 $11) 12. Nxe2 $14 Qc8 $146 ({Predecessor:} 12... exf4 13. Bxf4 Ne8 14. c3 Bc6 15. d4 Qe7 16. d5 {1-0 (81) Hartl,J-Hrmo,R Slovakia 1995}) 13. Kh2 Ne8 14. Nc3 f5 (14... exf4 $14 15. Bxf4 Bc6) 15. Nd5 (15. fxe5 $142 Bxe5 16. Bf4) 15... Qd8 (15... Rf7 $16) 16. fxe5 Bxe5 (16... dxe5 $142 17. Bxc5 Rf7 18. exf5 gxf5) 17. Bg5 $18 Nf6 18. c3 Qa5 19. exf5 gxf5 20. Nxf6+ Bxf6 21. Bxb7 Rae8 22. Bd5+ Kh8 23. Rae1 {[#] aiming for Bxf6+.} Be5 24. Qf2 Qb6 25. Re2 Be6 (25... Bc6 $16) 26. Bxe6 Rxe6 27. Rfe1 Rg8 (27... Qb7 $142 28. d4 cxd4) 28. Qxf5 Bxg3+ $2 (28... Reg6 29. h4 h6) 29. Kxg3 Rxe2 30. Qf6+ {[%mdl 64] [#] Zwischenzug. White mates.} Rg7 31. Rxe2 {[%cal Re2e8]} Qb5 32. c4 Qb8 33. Re7 {[%csl Ge7][%cal Rf6g7]} d5+ 34. Kh4 {Accuracy: White = 57%, Black = 34%.} 1-0

[Event "IV Torneo de Semana Santa"]
[Site "Los Llanos de Aridane"]
[Date "2019.04.13"]
[Round "1.9"]
[White "Garcia Mendoza, Itzael"]
[Black "Leon Varela, Luis"]
[Result "0-1"]
[WhiteElo "1302"]
[BlackElo "2154"]
[Annotator "TA"]
[PlyCount "52"]
[EventDate "2019.04.13"]
[EventType "swiss"]
[EventCountry "ESP"]
[SourceTitle "playchess.com"]
[Source "ChessBase"]
[SourceQuality "1"]

{[%evp 10,52,14,0,-5,-15,-6,-28,-10,-19,0,-44,-32,-39,-45,-43,-33,-73,-61,-108,-95,-99,-108,-112,-104,-137,-125,-136,-138,-216,-216,-732,-711,-585,-314,-572,-398,-471,-227,-914,-903,-29986,-29987,-29985,-29986]} 1. Nf3 d5 2. g3 g6 3. Bg2 Bg7 4. O-O e5 5. d3 Nc6 6. Nbd2 Nge7 {A07: Réti Opening: New York and Capablanca Systems} 7. c4 (7. e4 O-O 8. exd5 Nxd5 9. Re1 Re8 10. a3 Bf5 11. Ne4 b6 12. Bg5 f6 13. c4 Bxe4 14. Rxe4 Nde7 15. Bc1 Qd7 16. Re1 Rad8 17. Bf1 {0-1 (29) Mamedyarov,S (2801)-Giri,A (2782) chess.com INT 2018}) 7... O-O 8. Rb1 a5 {Black has an edge.} 9. b3 h6 10. Bb2 d4 $1 11. a3 Be6 $146 ({Predecessor:} 11... g5 12. Ne1 Nf5 13. Nc2 Qe7 14. b4 {0-1 (36) Wildi,M (2295)-Raetsky,A (2438) Zuerich 2001}) 12. Qc2 Qd7 13. Ne4 {[#]} b6 $1 14. e3 f5 15. Ned2 dxe3 16. fxe3 Rad8 17. Ne1 {[#]} f4 $1 $36 {[%mdl 2560] Keeping White busy.} 18. exf4 Nd4 19. Qd1 (19. Bxd4 $17 Qxd4+ {[%mdl 64] Double Attack} 20. Kh1) 19... Nef5 $19 20. Kf2 $2 (20. Bxd4 Qxd4+ 21. Rf2 exf4 22. gxf4) 20... exf4 21. gxf4 a4 22. b4 $2 (22. Be4) 22... Qd6 23. Ndf3 Nxf3 (23... Qxf4 $142 {[%csl Gf5][%cal Rf4e3]} 24. Kg1 Ne3 {[%mdl 64] Double Attack}) 24. Qxf3 $2 (24. Nxf3 Bxb2 25. Rxb2) 24... Bxb2 25. Rxb2 Qd4+ {[%mdl 64] Double Attack} 26. Ke2 Qxb2+ {[%mdl 64] Double Attack. Accuracy: White = 24%, Black = 74%.} 0-1

[Event "IV Torneo de Semana Santa"]
[Site "Los Llanos de Aridane"]
[Date "2019.04.14"]
[Round "2.1"]
[White "Andres Gonzalez, Ivan"]
[Black "Martin Rodriguez, Pablo"]
[Result "1-0"]
[WhiteElo "2323"]
[BlackElo "2002"]
[Annotator "NA"]
[PlyCount "49"]
[EventDate "2019.04.13"]
[EventType "swiss"]
[EventCountry "ESP"]
[SourceTitle "playchess.com"]
[Source "ChessBase"]
[SourceQuality "1"]
[TimeControl "5400+30"]

1. e4 {[%emt 0:00:00]} c5 {[%emt 0:00:52]} 2. Nc3 {[%emt 0:00:12]} e6 {[%emt 0:00:08]} 3. Nf3 {[%emt 0:01:50]} a6 {[%emt 0:00:05]} 4. d4 {[%emt 0:01:46]} cxd4 {[%emt 0:00:06]} 5. Nxd4 {[%emt 0:00:06]} Bb4 {[%emt 0:00:07]} 6. Bd3 {[%emt 0:01:56] B43: Sicilian: Kan Variation: 5 Nc3} d6 {[%emt 0:00:32]} 7. O-O {[%emt 0:02:42]} Nf6 {[%emt 0:00:07]} 8. Bg5 {[%emt 0:02:07]} (8. Nce2 Bc5 9. Kh1 b5 10. a4 b4 11. Nb3 Ba7 12. Bg5 Nc6 13. f4 h6 14. Bxf6 Qxf6 {1-0 (31) Grigoryan,K (2571)-Aranda Marin,C (2316) Roquetas de Mar 2017}) 8... Nbd7 {[%emt 0:01:19]} 9. Kh1 {[%emt 0:06:06]} O-O {[%emt 0:02:27]} 10. f4 {[%emt 0:03:14]} Qc7 {[%emt 0:00:31]} 11. Qf3 $146 {[%emt 0:01:44]} ({Predecessor:} 11. Nce2 b5 12. c3 Bc5 13. Ng3 Bb7 14. Qe2 {1-0 (36) Borges,V (2179)-Sakakibara,S (2037) Maringa 2018}) 11... Bxc3 {[%emt 0:02:14]} 12. bxc3 {[%emt 0:02:10]} h6 {[%emt 0:03:26]} 13. Bh4 {[%emt 0:02:13]} b5 {[%emt 0:03:14]} 14. Rae1 {[%emt 0:08:50]} Bb7 {[%emt 0:05:28]} 15. Qg3 {[%emt 0:04:28]} Rac8 {[%emt 0:04:44]} 16. e5 {[%emt 0:04:23]} dxe5 {[%emt 0:02:10]} 17. fxe5 {[%emt 0:00:39]} Nd5 {[%emt 0:00:18]} 18. Rf3 {[%emt 0:10:03]} Nxc3 {[%emt 0:06:17]} 19. Bf6 {[%emt 0:16:42]} Nxf6 {[%emt 0:01:37]} 20. Rxf6 {[%emt 0:00:12]} Kh8 $2 {[%emt 0:09:12] [#]} (20... Rfd8 $11 {and Black stays safe.} 21. Rf4 g5) 21. Qh4 $3 {[%emt 0:08:38]} Rfd8 {[%emt 0:08:05]} 22. Rxh6+ {[%emt 0:05:23]} gxh6 {[%emt 0:00:09]} 23. Qxh6+ {[%emt 0:01:08]} Kg8 {[%emt 0:00:02]} 24. Bh7+ {[%emt 0:02:54]} Kh8 {[%emt 0:00:08]} 25. Re3 {[%emt 0:04:40]} 1-0

[Event "IV Torneo de Semana Santa"]
[Site "Los Llanos de Aridane"]
[Date "2019.04.14"]
[Round "2.2"]
[White "Rodriguez Falcon, Jesus Manuel"]
[Black "Brito Garcia, Alfredo"]
[Result "0-1"]
[WhiteElo "1936"]
[BlackElo "2311"]
[Annotator "NA"]
[PlyCount "56"]
[EventDate "2019.04.13"]
[EventType "swiss"]
[EventCountry "ESP"]
[SourceTitle "playchess.com"]
[Source "ChessBase"]
[SourceQuality "1"]
[TimeControl "5400+30"]

1. e4 {[%emt 0:05:25]} d6 {[%emt 0:01:02]} 2. Nf3 {[%emt 0:00:53]} Nf6 {[%emt 0:01:20]} 3. d3 {[%emt 0:00:45]} g6 {[%emt 0:00:58]} 4. g3 {[%emt 0:00:08]} Bg7 {[%emt 0:00:27]} 5. Bg2 {[%emt 0:00:09]} O-O {[%emt 0:00:35]} 6. O-O {[%emt 0:00:08]} e5 {[%emt 0:03:01]} 7. c3 {[%emt 0:03:16]} Nbd7 {[%emt 0:02:13]} 8. Re1 {[%emt 0:04:52]} a5 {[%emt 0:15:46]} 9. d4 {[%emt 0:03:55]} Re8 {[%emt 0:04:27]} 10. Nbd2 {[%emt 0:03:29]} a4 {[%emt 0:03:08]} 11. b4 {[%emt 0:07:57]} d5 {[%emt 0:26:32]} 12. dxe5 {[%emt 0:14:03]} Nxe4 {[%emt 0:07:40]} (12... Nxe5 $11 13. Nxe5 Rxe5) 13. Nxe4 {[%emt 0:02:03]} dxe4 {[%emt 0:00:08]} 14. Ng5 {[%emt 0:00:30]} (14. Bg5 $1 $14 f6 15. exf6 Nxf6 16. Qxd8 Rxd8 17. Nd2) 14... Nxe5 {[%emt 0:02:41]} 15. Qxd8 {[%emt 0:31:00]} Rxd8 {[%emt 0:00:08]} 16. Nxe4 {[%emt 0:00:06]} Nd3 {[%emt 0:05:14]} 17. Rd1 {[%emt 0:02:36]} Bg4 $11 {[%emt 0:02:52]} 18. f3 {[%emt 0:00:52]} Nxc1 {[%emt 0:01:20]} 19. Raxc1 {[%emt 0:00:16]} Be6 {[%emt 0:02:19]} 20. a3 {[%emt 0:00:45]} Bb3 {[%emt 0:04:44]} 21. Rxd8+ {[%emt 0:03:11]} Rxd8 {[%emt 0:00:10]} 22. Nc5 {[%emt 0:00:24]} Rd1+ {[%emt 0:02:10]} 23. Rxd1 {[%emt 0:00:06]} Bxd1 {[%emt 0:00:07]} 24. Bf1 {[%emt 0:04:41]} Bxc3 {[%emt 0:04:12]} 25. Nxb7 {[%emt 0:01:20]} Bb2 {[%emt 0:01:19]} 26. Bb5 {[%emt 0:00:59]} Bxa3 {[%emt 0:00:53]} 27. Nc5 {[%emt 0:00:14]} Bxb4 {[%emt 0:00:00]} 28. Nxa4 {[%emt 0:00:06]} Bxf3 {[%emt 0:00:17]} 0-1

[Event "IV Torneo de Semana Santa"]
[Site "Los Llanos de Aridane"]
[Date "2019.04.14"]
[Round "2.3"]
[White "Acosta Sosa, Juan Manuel"]
[Black "Bazan Solera, Manuel"]
[Result "1-0"]
[WhiteElo "2287"]
[BlackElo "1923"]
[Annotator "NA"]
[PlyCount "39"]
[EventDate "2019.04.13"]
[EventType "swiss"]
[EventCountry "ESP"]
[SourceTitle "playchess.com"]
[Source "ChessBase"]
[SourceQuality "1"]
[TimeControl "5400+30"]

1. c4 {[%emt 0:00:00]} Nf6 {[%emt 0:00:00]} 2. Nc3 {[%emt 0:00:00]} g6 {[%emt 0:00:00]} 3. g3 {[%emt 0:00:09]} Bg7 {[%emt 0:00:02]} 4. Bg2 {[%emt 0:00:06]} d6 {[%emt 0:00:26]} 5. e4 {[%emt 0:00:22]} O-O {[%emt 0:00:12]} 6. Nge2 {[%emt 0:00:06]} Nc6 {[%emt 0:00:56]} 7. O-O {[%emt 0:00:14]} e5 {[%emt 0:02:59]} 8. d3 {[%emt 0:00:09]} Bg4 {[%emt 0:03:34]} 9. f3 {[%emt 0:00:28]} Be6 {[%emt 0:02:02]} 10. f4 {[%emt 0:00:12]} Bg4 {[%emt 0:01:11]} 11. h3 {[%emt 0:00:37]} Bxe2 {[%emt 0:01:01]} 12. Nxe2 {[%emt 0:00:24]} Nh5 {[%emt 0:03:01]} 13. f5 {[%emt 0:00:59]} Bf6 {[%emt 0:05:32]} 14. g4 {[%emt 0:02:50]} Ng7 {[%emt 0:03:23]} 15. Nc3 {[%emt 0:00:16]} Ne7 {[%emt 0:02:36]} 16. g5 {[%emt 0:00:13]} Bxg5 $18 {[%emt 0:01:07]} 17. Bxg5 {[%emt 0:00:08]} f6 {[%emt 0:00:08]} 18. Bh6 {[%emt 0:00:51]} gxf5 {[%emt 0:00:56]} 19. exf5 {[%emt 0:00:35]} Nexf5 {[%emt 0:01:49]} 20. Rxf5 {[%emt 0:00:14]} 1-0